Truyện ngắn Mỹ đương đại

Đay là một tập, truyện ngắn Mỹ đương đại của những cây bút đang sung sức và xuất hiện khá đều đặn trên văn đàn Mỹ trong khoảng vài chục năm gần đây. Những tác giả đang được chú ý trong giới văn học và trong công chúng, đã được giải thươ...

Celý popis

Uloženo v:
Podrobná bibliografie
Hlavní autor: Truyện ngắn Mỹ đương đại
Médium: Kniha
Jazyk:Undetermined
Vydáno: Hà Nội Văn Học 1998
Témata:
Tagy: Přidat tag
Žádné tagy, Buďte první, kdo otaguje tento záznam!
Thư viện lưu trữ: Trung tâm Học liệu Trường Đại học Cần Thơ
LEADER 01078nam a2200181Ia 4500
001 CTU_22278
008 210402s9999 xx 000 0 und d
082 |a 813.54 
082 |b Tr527 
100 |a Truyện ngắn Mỹ đương đại 
245 0 |a Truyện ngắn Mỹ đương đại 
245 0 |c Truyện ngắn Mỹ đương đại; Dịch giả: Thanh Bình 
260 |a Hà Nội 
260 |b Văn Học 
260 |c 1998 
520 |a Đay là một tập, truyện ngắn Mỹ đương đại của những cây bút đang sung sức và xuất hiện khá đều đặn trên văn đàn Mỹ trong khoảng vài chục năm gần đây. Những tác giả đang được chú ý trong giới văn học và trong công chúng, đã được giải thưởng văn học như Giải thưởng Sách Quốc Gia, giải truyện ngắn mang tên O'Henry, giải PEN/Faulkner... 
650 |a short stories, american 
980 |a Trung tâm Học liệu Trường Đại học Cần Thơ